000 00468nam a22001697a 4500
005 20231026144633.0
008 231026b |||||||| |||| 00| 0 eng d
020 _a0409014427
041 _aEnglish
082 _a346.7
100 _lEnglish
245 _aUsury Act No. 73 of 1968
260 _aDurban :
_bButterworths Publishers (Pty) Ltd,
_c1998
300 _b325 pages ;
_c26 cm.
650 _aLegal practice
_bLaw
942 _cBK
_6ALISON_BN_VRIES
999 _c99
_d99